000 00410nam a2200157Ia 4500
008 210719s1996 xx 000 0 und d
041 _aeng
082 _a621.381 TEDS
100 _aTEDESCHI (Frank P) and others.
245 _aSolid state electronics.
260 _aNY
_bVan Nostrand Reinhold co.
_c1996
300 _a204
_bPB
365 _cRs
650 _aElectronics
906 _aSolid state electronics
999 _c212569
_d212569